[Event "Baltic Sea Cup"]
[Site "Ronne"]
[Date "2007.08.03"]
[Round "7.49"]
[White "Grandadam, Patrick"]
[Black "Dinesen, Lasse Juel"]
[Result "1/2-1/2"]
[WhiteElo "1918"]
[BlackElo "1522"]
[PlyCount "96"]
[EventDate "2007.07.30"]
[EventType "swiss"]
[EventRounds "9"]
[EventCountry "DEN"]
[SourceTitle "EXT 2023"]
[Source "ChessBase"]
[SourceDate "2022.10.05"]
[SourceVersion "1"]
[SourceVersionDate "2022.10.05"]
[SourceQuality "1"]

1. d4 Nf6 2. c4 g6 3. Nc3 Bg7 4. e4 d6 5. Nf3 Nbd7 6. e5 dxe5 7. dxe5 Ng4 8. e6 fxe6 9. Ng5 Nde5 10. Qxd8+ Kxd8 11. Bf4 h6 12. Rd1+ Ke8 13. Nge4 Nc6 14. Nb5 Kf7 15. Nxc7 Rb8 16. Nb5 Ra8 17. Nbc3 e5 18. Bg3 Bf5 19. h3 Nf6 20. Nc5 b6 21. Nd3 e4 22. Ne5+ Nxe5 23. Bxe5 Rad8 24. Rxd8 Rxd8 25. g4 Be6 26. b3 Rc8 27. Bxf6 exf6 28. Nxe4 Bf8 29. Bg2 Bb4+ 30. Ke2 Rd8 31. Rd1 Rxd1 32. Kxd1 f5 33. gxf5 Bxf5 34. Nd2 Kf6 35. Nf3 Bc5 36. Ke2 Bb1 37. a4 Bc2 38. Nd2 Bb4 39. Be4 Bxd2 40. Bxc2 Bb4 41. h4 Bc5 42. f4 a5 43. Kf3 g5 44. fxg5+ hxg5 45. h5 Kg7 46. Bd1 Kh6 47. Ke4 Bb4 48. Kf5 Bc5 1/2-1/2

[Event "Baltic Sea Cup"]
[Site "Ronne"]
[Date "2007.08.01"]
[Round "3.50"]
[White "Jensen, Jan Kargaard"]
[Black "Dinesen, Lasse Juel"]
[Result "1-0"]
[WhiteElo "1894"]
[BlackElo "1522"]
[PlyCount "157"]
[EventDate "2007.07.30"]
[EventType "swiss"]
[EventRounds "9"]
[EventCountry "DEN"]
[SourceTitle "EXT 2023"]
[Source "ChessBase"]
[SourceDate "2022.10.05"]
[SourceVersion "1"]
[SourceVersionDate "2022.10.05"]
[SourceQuality "1"]

1. d4 Nf6 2. Bf4 g6 3. Nf3 d6 4. Nbd2 Bg7 5. e3 Bf5 6. Bc4 Nbd7 7. h3 Nb6 8. Bb3 a5 9. Ng5 0-0 10. e4 Bxe4 11. Ngxe4 Nxe4 12. Nxe4 a4 13. c3 axb3 14. Qxb3 Qd7 15. f3 Qa4 16. 0-0 Qxb3 17. axb3 Nd5 18. Bd2 e5 19. dxe5 Bxe5 20. Rfd1 Nf4 21. Bxf4 Bxf4 22. Nf6+ Kg7 23. Nd5 Bg5 24. Nxc7 Rac8 25. Nb5 Be3+ 26. Kf1 Rc6 27. Rxd6 Rxd6 28. Nxd6 Rd8 29. Rd1 Kf8 30. Ke2 Bc1 31. Rxc1 Rxd6 32. Rd1 Re6+ 33. Kd3 Ke7 34. Rd2 Kd7 35. Kc4+ Kc7 36. b4 Rc6+ 37. Kb3 Re6 38. b5 Kb6 39. Kb4 Rf6 40. b3 Kc7 41. c4 Rf4 42. Re2 Kd7 43. Re4 Rf5 44. Rd4+ Kc7 45. Rh4 h5 46. Re4 Kd7 47. f4 b6 48. g4 hxg4 49. hxg4 Rf6 50. c5 bxc5+ 51. Kxc5 Kc7 52. b4 Kb7 53. Re7+ Kc8 54. Re4 Kb7 55. Rc4 Rb6 56. f5 gxf5 57. gxf5 Rf6 58. Rf4 Kc7 59. Kd5 Kd7 60. Ke5 Rb6 61. Rd4+ Ke7 62. Rd5 f6+ 63. Kd4 Rb8 64. Kc5 Ra8 65. b6 Rb8 66. Kb5 Ke8 67. Kc6 Rc8+ 68. Kb7 Rc4 69. b5 Ke7 70. Kb8 Ke8 71. b7 Ke7 72. Ka7 Ra4+ 73. Kb6 Kf7 74. Rd7+ Ke8 75. Rh7 Rd4 76. b8Q+ Rd8 77. Rh8+ Kf7 78. Qxd8 Kg7 79. Qg8# 1-0